Sexiste ou pas sexiste ? - Statistiques

Statistiques générales
  • Ce quiz a été pris 1 492 fois
  • Le résultat moyen est 5 sur 6
Statistiques - réponses
Question Réponse % Correct
Dire que “les femmes ont leur règles en moyenne tous les 28 jours” c’est sexiste ou pas sexiste ? non ce n’est pas sexiste
92%
Dire à un garçon qu’il ne peut pas faire de la danse c’est sexiste ou pas sexiste ? oui c’est sexiste
90%
Dire à une fille que si elle ne se maquille pas c’est parce qu’elle est un réalité un garçon c’est sexiste ou pas sexiste ? oui c’est sexiste
85%
Dire à un garçon qu’il ne peut pas pleurer devant un film c’est sexiste ou pas sexiste ? oui c’est sexiste
81%
Dire à un garçon “tu es pas assez musclé tu dois aller à la salle pour devenir plus virile” c’est sexiste ou pas sexiste ? oui c’est sexiste
75%
Dire à une fille “Non mais tu as tes règles ou quoi ?” c’est sexiste ou pas sexiste ? oui c’est sexiste
65%
Aucun quiz correspondant
Distribution des résultats
% des personnes avec chaque résultat
Percentile par nombre de réponses
Votre historique - résultats
Vous n’avez pas pris ce quiz